MARC details
| 000 -LEADER |
| fixed length control field |
02400cam a22002174a 4500 |
| 005 - ΗΜΕΡΟΜΗΝΙΑ ΚΑΙ ΩΡΑ ΤΕΛΕΥΤΑΙΑΣ ΕΝΗΜΕΡΩΣΗΣ |
| Πεδίο ελέγχου |
20250605163948.0 |
| 008 - FIXED-LENGTH DATA ELEMENTS--GENERAL INFORMATION |
| Πεδίο ελέγχου σταθερού μήκους |
250528s ||||||||||||||||||||||||d |
| 035 ## - SYSTEM CONTROL NUMBER |
| System control number |
15290 |
| 020 ## - ISBN |
| ISBN |
1858050154 |
| 040 ## - ΠΗΓΗ ΚΑΤΑΛΟΓΟΓΡΑΦΗΣΗΣ |
| Φορέας πρωτότυπης καταλογογράφησης |
MC Athens Campus Library |
| Γλώσσα καταλογογράφησης |
Ελληνικά, Μοντέρνα (1453-) |
| Modifying agency |
MC Athens Campus Library |
| Κανόνες περιγραφικής καταλογογράφησης |
AACR2 |
| 245 1# - ΤΙΤΛΟΣ ΚΑΙ ΔΗΛΩΣΗ ΥΠΕΥΘΥΝΟΤΗΤΑΣ |
| Τίτλος |
Costing / Fourth Edition |
| 250 ## - EDITION STATEMENT |
| Edition statement |
4th |
| 260 ## - PUBLICATION, DISTRIBUTION, ETC. |
| Name of publisher, distributor, etc. |
Dp Publications Ltd, |
| Date of publication, distribution, etc. |
1993 |
| 300 ## - PHYSICAL DESCRIPTION |
| Extent |
586 |
| 505 0# - FORMATTED CONTENTS NOTE |
| Formatted contents note |
Preface, What is Costing, The Framework of Cost Accounting, Classification and Coding, Materials - Purchasing and Reception and Storage, Materials - Stock Recording and Inventory Control, Materials - Pricing Issues and Stocks, Labour - Remuneration Methods, Labour - Recording and Costing and Allied Procedures, Overheads, Cost Accounts, Costing Methods - Introduction, Costing Methods - Job and Batch Costing, Costing Methods - Contract Costing, Costing Methods - Operation and Service Costing, Costing Methods - Process Costing, Costing Methods - Joint Product and By-Product Costing, Planning and Control and Decision Making, Cost Behaviour, Marginal Costing and Absorption Costing, Marginal Costing and Decision Making, Break Even Analysis, Capital Investment Appraisal, Budgets, Standard Costing - Introduction, Standard Costing - Variance Analysis, Uniform Costing, Costing and Computers, Case Exercises, Progress Tests, Examination Technique, Index. |
| 520 ## - SUMMARY, ETC. |
| Summary, etc. |
Preface, What is Costing, The Framework of Cost Accounting, Classification and Coding, Materials - Purchasing and Reception and Storage, Materials - Stock Recording and Inventory Control, Materials - Pricing Issues and Stocks, Labour - Remuneration Methods, Labour - Recording and Costing and Allied Procedures, Overheads, Cost Accounts, Costing Methods - Introduction, Costing Methods - Job and Batch Costing, Costing Methods - Contract Costing, Costing Methods - Operation and Service Costing, Costing Methods - Process Costing, Costing Methods - Joint Product and By-Product Costing, Planning and Control and Decision Making, Cost Behaviour, Marginal Costing and Absorption Costing, Marginal Costing and Decision Making, Break Even Analysis, Capital Investment Appraisal, Budgets, Standard Costing - Introduction, Standard Costing - Variance Analysis, Uniform Costing, Costing and Computers, Case Exercises, Progress Tests, Examination Technique, Index. |
| 700 1# - ΠΡΟΣΘΕΤΗ ΑΝΑΓΡΑΦΗ--ΦΥΣΙΚΟ ΠΡΟΣΩΠΟ |
| Personal name |
Lucey Terry |
| 9 (RLIN) |
1176 |
| 942 ## - ADDED ENTRY ELEMENTS (KOHA) |
| Koha item type |
Books |